000 00927cam a2200289 4500
999 _c148
_d148
001 10759360
003 OSt
005 20190729095044.0
008 941024s1981 nyu 000 1 eng d
020 _a0553212184 :
020 _a9780553212181
040 _aLSM
_cLSM
_cIUL
_cCYL
043 _an-us---
082 _aFIC STO
100 1 0 _aStowe, Harriet Beecher,
_d1811-1896.
_eauthor
245 1 0 _aUncle Tom's cabin /
_cby Harriet Beecher Stowe; with an introduction by Alfred Kazin.
250 _aBantam classic ed.
260 _aNew York :
_bBantam Books,
_cc1981.
300 _axviii, 451 p.;
_c18 cm.
490 0 _aA Bantam Classic.
500 _a"A Bantam Classic."
500 _aThis edition contains the complete text of the original hardcover edition.
504 _aBibliography: p. 449-451.
650 0 _aSlavery
_zUnited States
_xFiction.
700 _aAlfred Kazin
_eWriter of introduction
942 _2ddc
_cFIC